Normal view
MARC view
Entry Personal Name
001 - CONTROL NUMBER
- control field: 15249
003 - CONTROL NUMBER IDENTIFIER
- control field: OSt
005 - DATE AND TIME OF LATEST TRANSACTION
- control field: 20211111101118.0
008 - FIXED-LENGTH DATA ELEMENTS
- fixed length control field: 211111|| aca||aabn | a|a d
040 ## - CATALOGING SOURCE
- Original cataloging agency: OSt
- Transcribing agency: OSt
100 ## - HEADING--PERSONAL NAME
- Personal name: Howells, John
670 ## - SOURCE DATA FOUND
- Source citation: Work cat.: (OSt): Howells, John, The management of innovation and technology :, Β©2005
